000 00864cam a2200277u 4500
999 _c174335
_d174335
001 9195603
003 Nust
005 20180723112644.0
008 821209s1923 nyu 000 0 eng
010 _a 23006380
020 _a9780007282302
_cRs. 260
038 _aArshad
040 _aDLC
_cCarP
_dDLC
050 0 0 _aPZ3.C4637
_bMu
_aPR6005.H66
050 0 0 _aMicrofilm 52020 PZ
082 0 0 _a823.912
_bCHR
100 1 _aChristie, Agatha,
_d1890-1976.
_92976
245 1 4 _aThe murder on the links.
260 _aNew York,
_bDodd, Mead and company,
_c1923.
300 _a319 p.
_c20 cm.
600 1 0 _aPoirot, Hercule
_c(Fictitious character)
_vFiction.
_911837
650 0 _aPrivate investigators
_zEngland
_vFiction.
_911838
655 7 _aDetective and mystery stories.
_2gsafd
_92977
906 _a0
_bcbc
_cpremunv
_du
_encip
_f19
_gy-gencatlg
942 _2ddc
_cBK